000 00615nam a2200193Ia 4500
008 090124s9999 xx 000 0 und d
082 _b14400
100 _aशेक्सपीअर विल्यम
245 _a राजा लिअर
250 _a0
260 _bमौज प्रकाशन
_c1974
300 _a271
600 _aशेक्सपीअर विल्यम
630 _a राजा लिअर
700 _aशेक्सपीअर विल्यम
700 _aकरंदीकर विंदा
730 _a राजा लिअर
942 _cBOOK
999 _c87952
_d87952